000 00307 a2200157 4500
001 164568
020 _a
040 _cMagnum
100 _aBaker, Stephen
240 1 0 _aOdeio reunioes
_lpor
245 1 0 _aOdeio reunioes
362 0 _a1899
440 1 _aMelhoramentos
697 _aGERAL
942 _cBK
999 _c164568
_d164568